01326cam a22003375a 45000010008000000030009000080050017000170080041000340200016000750200018000910400034001090820017001431000040001602450048002002640042002483000046002903360026003363370028003623380027003904900032004175040052004496500030005016510010005316530023005416530028005646550024005929420025006169990017006419520165006589520165008233751868EG-ScBUE20220410120213.0821116s1983 enka f b 001 0 eng d a0582551102  a9780582551107 aDLCbengerdacDLCdEG-ScBUE 04a401bLEE2221 aLeech, Geoffrey N.,eauthor.94030610aPrinciples of pragmatics /cGeoffrey Leech. 1aLondon ;aNew York :bLongman,c1983. axii, 250 pages :billustrations ;c22 cm. 2rdacontentatextbtxt 2rdamediaaunmediatedbn 2rdacarrieravolumebnc0 aLongman linguistics library aIncludes bibliographical references and index.  7aPragmatics.2BUEsh937316 2BUEsh cJuly2016bHHUUEENN bHHUUEENNcSeptember2016 vReading book934232 2ddce22k401 LEEcBB c21970d21942 00102ddc40708BaccahaMAINbMAINc2NDd2016-07-17ePurchaseg503.00h25868l1m7o401 LEEp000031481r2025-07-15 00:00:00s2023-11-19v629.00w2016-07-17yBB 00102ddc40708BaccahaMAINbMAINc2NDd2016-09-04ePurchaseg534.00h26103l1m9o401 LEEp000033524r2025-07-15 00:00:00s2017-12-20v668.00w2016-09-04yBB